|
|
|
|
| LEADER |
00000nam a2200000 i 4500 |
| 001 |
DIGUAZUAY0133 |
| 003 |
NyNyDIG |
| 007 |
cr ||||||||||| |
| 008 |
260115s2021 ec a ob 000 0 spa d |
| 006 |
m o d |
| 035 |
|
|
|a (OCoLC)1569883665
|
| 040 |
|
|
|a DGITA
|b eng
|e rda
|e pn
|c DGITA
|
| 020 |
|
|
|a 9789942847270
|q eBook
|
| 020 |
|
|
|z 9789942847232
|
| 043 |
|
|
|a s-ec---
|
| 050 |
1 |
4 |
|a GE90.E2 ebook
|
| 245 |
0 |
0 |
|a Educación para el desarrollo regenerativo en la reserva de biosfera Yasuní :
|b guía para la reflexión docente y el trabajo en el aula /
|c coordinación, Juan Carlos Astudillo S., Tito Astudillo S.
|
| 264 |
|
1 |
|a Cuenca, Ecuador :
|b Universidad del Azuay, Casa Editora,
|c [2021]
|
| 300 |
|
|
|a 1 online resource :
|b illustrations.
|
| 336 |
|
|
|a text
|b txt
|2 rdacontent
|
| 337 |
|
|
|a computer
|b c
|2 rdamedia
|
| 338 |
|
|
|a online resource
|b cr
|2 rdacarrier
|
| 347 |
|
|
|a text file
|2 rdaft
|
| 347 |
|
|
|b PDF
|
| 490 |
1 |
|
|a Homo
|
| 504 |
|
|
|a Includes bibliographical references.
|
| 588 |
0 |
|
|a Online resource; title from PDF title page (Digitalia, viewed January 15, 2026)
|
| 650 |
|
0 |
|a Environmental education
|x Activity programs
|z Ecuador
|z Parque Nacional Yasuní.
|
| 650 |
|
0 |
|a Natural resources
|x Study and teaching
|z Ecuador
|z Parque Nacional Yasuní.
|
| 651 |
|
0 |
|a Parque Nacional Yasuni (Ecuador)
|
| 700 |
1 |
|
|a Astudillo S., Juan Carlos,
|d 1979-
|e editor.
|
| 700 |
1 |
|
|a Astudillo Sarmiento, Tito,
|d 1975-
|e editor.
|
| 791 |
2 |
|
|a Digitalia (Firm),
|e distributor.
|
| 793 |
0 |
|
|g Digitalia eBook Collection:
|a Universidad del Azuay
|
| 776 |
0 |
8 |
|i Print version:
|a Astudillo S., Juan Carlos, 1979-
|t Educación para el desarrollo regenerativo en la reserva de biosfera Yasuní.
|d Cuenca, Ecuador : Universidad del Azuay, Casa Editora, [2021]
|z 9789942847232
|
| 830 |
|
0 |
|a Homo (Universidad del Azuay, Casa Editora)
|
| 856 |
4 |
0 |
|3 Digitalia Hispánica
|u https://www.digitaliapublishing.com/a/133518/
|
| 910 |
|
|
|a Premium collection: 2026
|